| 000 | 00755nam a22002177a 4500 | ||
|---|---|---|---|
| 003 | OSt | ||
| 005 | 20151026104202.0 | ||
| 008 | 130416s2011 sp ||||| |||| 00| 0 spa d | ||
| 020 |
_a9788467245073 (Círculo de Lectores, tapa dura) _c9788481099386 (Galaxia Gutenberg, tapa dura) |
||
| 040 | _cCDMR | ||
| 110 | 2 |
_9624 _aAgencia EFE |
|
| 245 | 1 | 0 |
_aLibro del estilo urgente _cAgencia EFE ; prólogo de Álex Grijelmo ; [edición al cuidado de María Cifuentes] |
| 260 |
_aBarcelona _bGalaxia Gutenberg |
||
| 260 |
_bCírculo de Lectores _c2011 |
||
| 300 | _a398 p. | ||
| 650 | 0 | 4 |
_93086 _aPeriodisme _xManuals d'estil |
| 650 | 0 | 4 |
_91890 _aAgències de notícies |
| 700 | 1 |
_93182 _aCifuentes, María _eed. |
|
| 700 | 1 |
_9508 _aGrijelmo, Álex |
|
| 942 |
_2udc _cMON |
||
| 999 |
_c6096 _d6096 |
||